| 000 | 00412nam a2200169 a 4500 | ||
|---|---|---|---|
| 001 | 0000-9324 | ||
| 003 | ELIB.Books | ||
| 008 | 110520 0000 | ||
| 035 | _a(ELIB.Books)0000-9476 | ||
| 082 |
_a214 _bBon |
||
| 100 | _aBonar, Horatius | ||
| 245 | _aWhen God's Children Suffer | ||
| 260 |
_bChicago: Moody Press _c0 |
||
| 650 | _aTheodicy | ||
| 942 |
_2ddc _cBK |
||
| 998 |
_cbat _e2011-05-20 |
||
| 999 |
_c9324 _d9324 |
||